Statistiques concernant Films de David Lynch par images

Cliquez ici pour prendre le quiz!

Statistiques générales

  • Ce quiz a été pris 19 fois
  • Le résultat moyen est 6 sur 10

Statistiques - réponses

Réponse% Correct
Elephant Man
89%
Dune
78%
Mulholland Drive
72%
Eraserhead
61%
Blue Velvet
56%
Sailor et Lula
50%
Une histoire vraie
44%
Lost Highway
39%
Twin Peaks: Fire Walk with Me
39%
Inland Empire
28%

Distribution des résultats

Percentile par nombre de réponses

% des personnes avec chaque résultat

Votre développement - résultats

Vous n’avez pas pris ce quiz